| 000 | 01753ngm a22003970a 4500 | ||
|---|---|---|---|
| 001 | PT47688 | ||
| 003 | AR-LpoUNG | ||
| 005 | 20210202000020.0 | ||
| 007 | vd cvaizq | ||
| 008 | 191001s2009||||ag |||||||||||||||||spa d | ||
| 037 | _c$2,50 | ||
| 040 |
_aAR-LpoUNG _bspa _cAR-LpoUNG _eaacr |
||
| 041 | _aspa | ||
| 044 | _aag | ||
| 082 | 0 | _a306.74 114nin | |
| 100 | 1 |
_aVaccaro, Sofía _edir. |
|
| 245 | 1 | 0 | _aNina |
| 260 |
_aBuenos Aires : _bMiradas al sur, _c2009. |
||
| 300 | _aDVD (50 min.) : son., col. | ||
| 505 | 0 | _aGuión: Pedro Farías, Sofía Vaccaro y Teilo Vellacott. Fotografía: Juan Barney. Música: Horacio Castillo. Protagonistas: Muriel Morgenstern, Daniel Valenzuela, Marité Ocampos, Natalia Gutiérrez. | |
| 520 | _aNiNa tiene 16 años y vive en una colonia rural de Oberá (Misiones, Argentina). Trabaja en la chacra y en el pueblo para ayudar a su familia, lo cual le impide ir a la escuela. Un buen día, es seducida a viajar a la Capital con una buena oferta de trabajo como niñera, buen sueldo y la posibilidad de estudiar. El sueño lo comparte con Lourdes, su prima paraguaya proveniente de un barrio marginal de la ciudad de Encarnación, quien recibe similar oferta. Ambas son víctimas inocentes de una pareja que se encarga de captar jóvenes humildes para ser explotadas sexualmente. Basada en hechos reales, la película se sitúa en una colonia de Oberá. | ||
| 650 | 4 | _aABUSO SEXUAL | |
| 650 | 4 | _aARGENTINA | |
| 650 | 4 | _aDELITOS | |
| 650 | 4 | _aPARAGUAY | |
| 650 | 4 | _aPROBLEMAS SOCIALES | |
| 650 | 4 | _aPROSTITUCION | |
| 650 | 4 | _aVICTIMAS | |
| 651 | 4 | _aArgentina | |
| 653 | _aCINE ARGENTINO | ||
| 653 | _aDOCUMENTALES | ||
| 653 | _aDVD | ||
| 653 | _aVIDEOS | ||
| 905 | _a47688 | ||
| 942 | _cDVD | ||
| 999 |
_c53965 _d53965 |
||